|
|
|
|
| LEADER |
00923nam a22001937a 4500 |
| 082 |
|
|
|a 894.M4
|b KES/S N3
|
| 100 |
|
|
|a കേശവ൯ വൈദ്യ൪ സി ആ൪
|9 96725
|
| 100 |
|
|
|a Kesavan Vaidyar C R
|9 96726
|
| 240 |
|
|
|a Sree Narayanaguruvum Kumaranassaanum
|
| 245 |
|
|
|a ശ്രീനാരായണഗുരുവും കുമാരനാശാനും
|
| 250 |
|
|
|a 1st
|
| 260 |
|
|
|a Angamali;
|b Author;
|c 1993
|
| 300 |
|
|
|a 184p.
|
| 650 |
|
|
|a മലയാളം; ലേഖനങ്ങള്
|9 289231
|
| 650 |
|
|
|a Malayalam; Essays
|9 289232
|
| 942 |
|
|
|c BK
|
| 999 |
|
|
|c 51858
|d 51858
|
| 952 |
|
|
|0 0
|1 0
|4 0
|6 894_000000000000000_M4_KES_S_N3
|7 0
|8 ESS
|9 61443
|a MAL
|b MAL
|d 2016-04-15
|e 40619
|g 20.00
|l 0
|o 894.M4 KES/S N3
|p MAL040619
|r 2016-04-15
|t 1
|w 2016-04-15
|y BK
|
| 952 |
|
|
|0 0
|1 0
|4 0
|6 894_000000000000000_M4_KES_S_N31
|7 0
|8 ESS
|9 61444
|a MAL
|b MAL
|d 2016-04-15
|e 39520
|g 20.00
|l 0
|o 894.M4 KES/S N3;1
|p MAL039520
|r 2016-04-15
|t 2
|w 2016-04-15
|y BK
|